000 00695nam a2200217 a 4500
999 _c6343
_d6343
001 6343
003 BD-JhCC
005 20180121191105.0
008 180121s1976 b ||||| |||| 00| 0 ben d
035 _a(BD-JhCC)
040 _aBD-JhCC
_dBD-JhCC
041 _aben
082 _a297
_bLAT 1976
100 _aলতিফ, আবদুল, সৈয়দ
245 _aইসলামের দৃষ্টিতে সমাজ /
_cসৈয়দ আবদুল লতিফ
260 _aঢাকা :
_bইসলামী ফাউণ্ডেশন বাংলাদেশ,
_c১৯৭৬
300 _a120 p. :
_c24cm.
650 _aIman and Islam
942 _2ddc
_cBK